000 00629nam a2200241Ia 4500
003 OSt
005 20220918172839.0
006 a|||||r|||| 00| 0
007 ta
008 220917b |||||||| |||| 00| 0 eng d
024 _a3,651
037 _cTextual
040 _aARTS
_cARTS
_beng
041 _2eng
_aeng
082 _a14:3111m73:N, J4 (2D)
100 _aOrton Robert M ed
_943517
245 0 _aCatalog of reprints in series fall 1954
250 _a15th
260 _c1954
650 _aBIBLIOGRAPHY
942 _h14:3111m73:N, J4 (2D)
_cTEXL
_2CC
999 _c145981
_d145981